Central Library OPAC University of Rajshahi

No boundary : (Record no. 54418)

MARC details
000 -LEADER
fixed length control field 00786nam a2200265 a 4500
001 - CONTROL NUMBER
control field 54418
003 - CONTROL NUMBER IDENTIFIER
rucl marc code BD-RjUL
005 - DATE AND TIME OF LATEST TRANSACTION
control field 20211209080122.0
008 - FIXED-LENGTH DATA ELEMENTS--GENERAL INFORMATION
fixed length control field 161106r19851979e 001 0 eng
020 ## - INTERNATIONAL STANDARD BOOK NUMBER
International Standard Book Number 0394748816 (pbk.) :
035 ## - SYSTEM CONTROL NUMBER
System control number (BD-RjUL)54540
040 ## - CATALOGING SOURCE
Original cataloging agency DLC
Transcribing agency DLC
Modifying agency BD-RjUL
Language of cataloging eng
041 ## - LANGUAGE CODE
Language code of text/sound track or separate title eng
082 00 - DEWEY DECIMAL CLASSIFICATION NUMBER
Classification number 153
Edition number 23
Author mark and year WIN 1985
100 1# - MAIN ENTRY--PERSONAL NAME
Personal name Wilber, Ken.
9 (RLIN) 162394
245 10 - TITLE STATEMENT
Title No boundary :
Remainder of title Eastern and Western approaches to personal growth /
Statement of responsibility, etc. Ken Wilber.
260 ## - PUBLICATION, DISTRIBUTION, ETC. (IMPRINT)
Place of publication, distribution, etc. London :
Name of publisher, distributor, etc. Shambhala,
Date of publication, distribution, etc. c1979 [ Reprint 1985] .
300 ## - PHYSICAL DESCRIPTION
Pagination 160 p. ;
Size 23 cm.
500 ## - GENERAL NOTE
General note Includes index.
650 #0 - SUBJECT ADDED ENTRY--TOPICAL TERM
Topical term or geographic name as entry element Consciousness.
9 (RLIN) 162395
Topical term or geographic name as entry element Self-perception.
9 (RLIN) 162396
Topical term or geographic name as entry element Psychology
General subdivision Philosophy.
9 (RLIN) 162397
Topical term or geographic name as entry element East and West.
9 (RLIN) 162398
942 ## - ADDED ENTRY ELEMENTS (KOHA)
Source of classification or shelving scheme Dewey Decimal Classification
Koha item type Books
Holdings
Lost status Source of classification or shelving scheme Damaged status Not for loan Collection code Permanent Location Current Location Shelving location Date acquired Source of acquisition Total Checkouts Full call number Date last seen Copy number Koha item type
  Dewey Decimal Classification     Non-fiction Central Library, University of Rajshahi Central Library, University of Rajshahi   22/08/1998 Unicef   153 WIN 1985 06/11/2016 C-2 Books
  Dewey Decimal Classification   Not For Loan Non-fiction Central Library, University of Rajshahi Central Library, University of Rajshahi Reading Room 22/08/1998 Unicef   153 WIN 1985 23/03/2017 C-1 Books